000
00293nam a22001337a 4500
008
170309b xxu||||| |||| 00| 0 eng d
020
_a
0721614140
041
_a
eng
080
_a
611
100
_a
6
101
_a
SHM
245
_a
CLINICAL ENDOCRINE PHYSIOLOGY
_c
HEDGE, G.A
942
_2
udc
_c
BK
999
_c
7347
_d
7347